<?xml version="1.0" encoding="UTF-8"?>
<record
    xmlns:xsi="http://www.w3.org/2001/XMLSchema-instance"
    xsi:schemaLocation="http://www.loc.gov/MARC21/slim http://www.loc.gov/standards/marcxml/schema/MARC21slim.xsd"
    xmlns="http://www.loc.gov/MARC21/slim">

  <leader>03311    a2200313   4500</leader>
  <controlfield tag="003">NALT</controlfield>
  <controlfield tag="005">20250516143413.0</controlfield>
  <controlfield tag="008">240404b        th ||||| |||| 00| 0 tha d</controlfield>
  <datafield tag="020" ind1=" " ind2=" ">
    <subfield code="a">9786167154961</subfield>
  </datafield>
  <datafield tag="040" ind1=" " ind2=" ">
    <subfield code="a">NALT</subfield>
  </datafield>
  <datafield tag="050" ind1=" " ind2=" ">
    <subfield code="a">DS 582</subfield>
    <subfield code="b">&#xE0A;393&#xE01; 2564</subfield>
  </datafield>
  <datafield tag="100" ind1="0" ind2=" ">
    <subfield code="a">&#xE0A;&#xE31;&#xE22;&#xE1E;&#xE07;&#xE29;&#xE4C; &#xE2A;&#xE33;&#xE40;&#xE19;&#xE35;&#xE22;&#xE07;</subfield>
    <subfield code="9">59265</subfield>
  </datafield>
  <datafield tag="245" ind1="1" ind2="0">
    <subfield code="a">"&#xE01;&#xE1A;&#xE0E;&#xE40;&#xE07;&#xE35;&#xE49;&#xE22;&#xE27;" &#xE01;&#xE32;&#xE23;&#xE40;&#xE21;&#xE37;&#xE2D;&#xE07;&#xE02;&#xE2D;&#xE07;&#xE04;&#xE27;&#xE32;&#xE21;&#xE17;&#xE23;&#xE07;&#xE08;&#xE33; : </subfield>
    <subfield code="b">&#xE1B;&#xE23;&#xE30;&#xE27;&#xE31;&#xE15;&#xE34;&#xE28;&#xE32;&#xE2A;&#xE15;&#xE23;&#xE4C;&#xE02;&#xE1A;&#xE27;&#xE19;&#xE01;&#xE32;&#xE23;&#xE40;&#xE04;&#xE25;&#xE37;&#xE48;&#xE2D;&#xE19;&#xE44;&#xE2B;&#xE27;&#xE02;&#xE2D;&#xE07;"&#xE04;&#xE19;&#xE25;&#xE49;&#xE32;&#xE19;&#xE19;&#xE32;" /</subfield>
    <subfield code="c">&#xE0A;&#xE31;&#xE22;&#xE1E;&#xE07;&#xE29;&#xE4C; &#xE2A;&#xE33;&#xE40;&#xE19;&#xE35;&#xE22;&#xE07;.</subfield>
  </datafield>
  <datafield tag="246" ind1="1" ind2="4">
    <subfield code="a">&#xE01;&#xE1A;&#xE0E;&#xE40;&#xE07;&#xE35;&#xE49;&#xE22;&#xE27; &#xE01;&#xE32;&#xE23;&#xE40;&#xE21;&#xE37;&#xE2D;&#xE07;&#xE02;&#xE2D;&#xE07;&#xE04;&#xE27;&#xE32;&#xE21;&#xE17;&#xE23;&#xE07;&#xE08;&#xE33; : &#xE1B;&#xE23;&#xE30;&#xE27;&#xE31;&#xE15;&#xE34;&#xE28;&#xE32;&#xE2A;&#xE15;&#xE23;&#xE4C;&#xE02;&#xE1A;&#xE27;&#xE19;&#xE01;&#xE32;&#xE23;&#xE40;&#xE04;&#xE25;&#xE37;&#xE48;&#xE2D;&#xE19;&#xE44;&#xE2B;&#xE27;&#xE02;&#xE2D;&#xE07;"&#xE04;&#xE19;&#xE25;&#xE49;&#xE32;&#xE19;&#xE19;&#xE32;".</subfield>
  </datafield>
  <datafield tag="250" ind1=" " ind2=" ">
    <subfield code="a">&#xE1E;&#xE34;&#xE21;&#xE1E;&#xE4C;&#xE04;&#xE23;&#xE31;&#xE49;&#xE07;&#xE17;&#xE35;&#xE48; 1.</subfield>
  </datafield>
  <datafield tag="260" ind1=" " ind2=" ">
    <subfield code="a">&#xE01;&#xE23;&#xE38;&#xE07;&#xE40;&#xE17;&#xE1E;&#xE2F; : </subfield>
    <subfield code="b">&#xE28;&#xE39;&#xE19;&#xE22;&#xE4C;&#xE21;&#xE32;&#xE19;&#xE38;&#xE29;&#xE22;&#xE27;&#xE34;&#xE17;&#xE22;&#xE32;&#xE2A;&#xE34;&#xE23;&#xE34;&#xE19;&#xE18;&#xE23; (&#xE2D;&#xE07;&#xE04;&#xE4C;&#xE01;&#xE32;&#xE23;&#xE21;&#xE2B;&#xE32;&#xE0A;&#xE19;), </subfield>
    <subfield code="c">2564.</subfield>
  </datafield>
  <datafield tag="300" ind1=" " ind2=" ">
    <subfield code="a">240 &#xE2B;&#xE19;&#xE49;&#xE32; : </subfield>
    <subfield code="b">&#xE20;&#xE32;&#xE1E;&#xE1B;&#xE23;&#xE30;&#xE01;&#xE2D;&#xE1A; ; </subfield>
    <subfield code="c">24 &#xE0B;&#xE21;.</subfield>
  </datafield>
  <datafield tag="505" ind1="2" ind2=" ">
    <subfield code="a">&#xE1A;&#xE17;&#xE17;&#xE35;&#xE48; 1 &#xE1E;&#xE25;&#xE27;&#xE31;&#xE15;&#xE44;&#xE17;&#xE22; &#xE25;&#xE32;&#xE27; : &#xE01;&#xE32;&#xE23;&#xE2A;&#xE23;&#xE49;&#xE32;&#xE07;&#xE04;&#xE27;&#xE32;&#xE21;&#xE2B;&#xE21;&#xE32;&#xE22;&#xE43;&#xE19;&#xE17;&#xE32;&#xE07;&#xE40;&#xE0A;&#xE37;&#xE49;&#xE2D;&#xE0A;&#xE32;&#xE15;&#xE34; -- &#xE1A;&#xE17;&#xE17;&#xE35;&#xE48; 2 &#xE1B;&#xE23;&#xE30;&#xE27;&#xE31;&#xE15;&#xE34;&#xE28;&#xE32;&#xE2A;&#xE15;&#xE23;&#xE4C;&#xE02;&#xE2D;&#xE07;&#xE1B;&#xE23;&#xE30;&#xE27;&#xE31;&#xE15;&#xE34;&#xE28;&#xE32;&#xE2A;&#xE15;&#xE23;&#xE4C; : &#xE01;&#xE48;&#xE2D;&#xE19;&#xE1B;&#xE23;&#xE30;&#xE27;&#xE31;&#xE15;&#xE34;&#xE28;&#xE32;&#xE2A;&#xE15;&#xE23;&#xE4C;&#xE01;&#xE1A;&#xE0F;&#xE40;&#xE07;&#xE35;&#xE49;&#xE22;&#xE27;&#xE40;&#xE21;&#xE37;&#xE2D;&#xE07;&#xE41;&#xE1E;&#xE23;&#xE48; -- &#xE1A;&#xE17;&#xE17;&#xE35;&#xE48; 3 "&#xE1B;&#xE23;&#xE30;&#xE27;&#xE31;&#xE15;&#xE34;&#xE28;&#xE32;&#xE2A;&#xE15;&#xE23;&#xE4C;&#xE02;&#xE2D;&#xE07; '&#xE01;&#xE1A;&#xE0F;''&#xE01;&#xE1A;&#xE0F;' &#xE02;&#xE2D;&#xE07;&#xE1B;&#xE23;&#xE30;&#xE27;&#xE31;&#xE15;&#xE34;&#xE28;&#xE32;&#xE2A;&#xE15;&#xE23;&#xE4C;" : &#xE01;&#xE1A;&#xE0F;&#xE40;&#xE07;&#xE35;&#xE49;&#xE22;&#xE27;&#xE40;&#xE21;&#xE37;&#xE2D;&#xE07;&#xE41;&#xE1E;&#xE23;&#xE48; -- &#xE1A;&#xE17;&#xE17;&#xE35;&#xE48; 4 &#xE01;&#xE32;&#xE23;&#xE2A;&#xE49;&#xE23;&#xE32;&#xE07;&#xE15;&#xE33;&#xE41;&#xE2B;&#xE19;&#xE48;&#xE07;&#xE41;&#xE2B;&#xE48;&#xE07;&#xE17;&#xE35;&#xE48;&#xE02;&#xE2D;&#xE07; "&#xE40;&#xE21;&#xE37;&#xE2D;&#xE07;&#xE41;&#xE1E;&#xE23;&#xE48;" &#xE43;&#xE19;&#xE1B;&#xE23;&#xE30;&#xE27;&#xE31;&#xE15;&#xE34;&#xE28;&#xE32;&#xE2A;&#xE15;&#xE23;&#xE4C; "&#xE0A;&#xE32;&#xE15;&#xE34;&#xE44;&#xE17;&#xE22;" : &#xE08;&#xE32;&#xE01;&#xE40;&#xE21;&#xE37;&#xE2D;&#xE07;&#xE01;&#xE1A;&#xE0F;&#xE2A;&#xE39;&#xE48;&#xE40;&#xE21;&#xE37;&#xE2D;&#xE07;&#xE17;&#xE35;&#xE48;&#xE08;&#xE07;&#xE23;&#xE31;&#xE01;&#xE20;&#xE31;&#xE01;&#xE14;&#xE35; -- &#xE1A;&#xE17;&#xE17;&#xE35;&#xE48; 5 &#xE1E;&#xE34;&#xE23;&#xE34;&#xE22;&#xE27;&#xE07;&#xE28;&#xE4C;&#xE2D;&#xE27;&#xE15;&#xE32;&#xE23;: '&#xE27;&#xE35;&#xE23;&#xE1A;&#xE38;&#xE23;&#xE38;&#xE29;' '&#xE01;&#xE1A;&#xE0F;' &#xE01;&#xE32;&#xE23;&#xE1B;&#xE23;&#xE30;&#xE14;&#xE34;&#xE29;&#xE10;&#xE4C;&#xE2A;&#xE23;&#xE49;&#xE32;&#xE07;&#xE15;&#xE31;&#xE27;&#xE15;&#xE19;&#xE43;&#xE2B;&#xE21;&#xE48;&#xE17;&#xE32;&#xE07;&#xE1B;&#xE23;&#xE30;&#xE27;&#xE31;&#xE15;&#xE34;&#xE28;&#xE32;&#xE2A;&#xE15;&#xE23;&#xE4C; -- &#xE1A;&#xE17;&#xE17;&#xE35;&#xE48; 6 &#xE1B;&#xE23;&#xE30;&#xE27;&#xE31;&#xE15;&#xE34;&#xE28;&#xE32;&#xE2A;&#xE15;&#xE23;&#xE4C;&#xE01;&#xE32;&#xE23;&#xE1E;&#xE31;&#xE12;&#xE19;&#xE32;&#xE20;&#xE32;&#xE04;&#xE40;&#xE2B;&#xE19;&#xE37;&#xE2D;&#xE08;&#xE32;&#xE01;&#xE17;&#xE32;&#xE07;&#xE23;&#xE16;&#xE44;&#xE1F;&#xE2A;&#xE39;&#xE48;&#xE01;&#xE32;&#xE23;&#xE41;&#xE22;&#xE48;&#xE07;&#xE0A;&#xE34;&#xE07;&#xE17;&#xE23;&#xE31;&#xE1E;&#xE22;&#xE32;&#xE01;&#xE23; -- &#xE1A;&#xE17;&#xE17;&#xE35;&#xE48; 7 &#xE1A;&#xE17;&#xE40;&#xE23;&#xE34;&#xE48;&#xE21;&#xE43;&#xE2B;&#xE21;&#xE48;&#xE02;&#xE2D;&#xE07;&#xE01;&#xE1A;&#xE0F; &#xE04;&#xE27;&#xE32;&#xE21;&#xE17;&#xE23;&#xE07;&#xE08;&#xE33;&#xE41;&#xE25;&#xE30;&#xE1B;&#xE23;&#xE30;&#xE27;&#xE31;&#xE15;&#xE34;&#xE28;&#xE32;&#xE2A;&#xE15;&#xE23;&#xE4C;.</subfield>
  </datafield>
  <datafield tag="650" ind1=" " ind2="0">
    <subfield code="a">&#xE01;&#xE1A;&#xE0F;&#xE40;&#xE07;&#xE35;&#xE49;&#xE22;&#xE27; </subfield>
    <subfield code="9">63589</subfield>
  </datafield>
  <datafield tag="650" ind1=" " ind2="4">
    <subfield code="a">&#xE44;&#xE17;&#xE22;&#xE43;&#xE2B;&#xE0D;&#xE48; </subfield>
    <subfield code="z">&#xE1E;&#xE30;&#xE40;&#xE22;&#xE32; </subfield>
    <subfield code="9">63590</subfield>
  </datafield>
  <datafield tag="651" ind1=" " ind2="4">
    <subfield code="a">&#xE44;&#xE17;&#xE22;</subfield>
    <subfield code="x">&#xE1B;&#xE23;&#xE30;&#xE27;&#xE31;&#xE15;&#xE34;&#xE28;&#xE32;&#xE2A;&#xE15;&#xE23;&#xE4C;</subfield>
    <subfield code="y">&#xE25;&#xE49;&#xE32;&#xE19;&#xE19;&#xE32;</subfield>
    <subfield code="9">18904</subfield>
  </datafield>
  <datafield tag="651" ind1=" " ind2="4">
    <subfield code="a">&#xE44;&#xE17;&#xE22; (&#xE20;&#xE32;&#xE04;&#xE40;&#xE2B;&#xE19;&#xE37;&#xE2D;) </subfield>
    <subfield code="x">&#xE1B;&#xE23;&#xE30;&#xE27;&#xE31;&#xE15;&#xE34;&#xE28;&#xE32;&#xE2A;&#xE15;&#xE23;&#xE4C; </subfield>
    <subfield code="z">&#xE25;&#xE49;&#xE32;&#xE19;&#xE19;&#xE32; </subfield>
    <subfield code="9">63591</subfield>
  </datafield>
  <datafield tag="651" ind1=" " ind2="4">
    <subfield code="a">&#xE41;&#xE1E;&#xE23;&#xE48; </subfield>
    <subfield code="x">&#xE1B;&#xE23;&#xE30;&#xE27;&#xE31;&#xE15;&#xE34;&#xE28;&#xE32;&#xE2A;&#xE15;&#xE23;&#xE4C;</subfield>
    <subfield code="9">63592</subfield>
  </datafield>
  <datafield tag="651" ind1=" " ind2="4">
    <subfield code="a">&#xE25;&#xE33;&#xE1B;&#xE32;&#xE07;</subfield>
    <subfield code="x">&#xE1B;&#xE23;&#xE30;&#xE27;&#xE31;&#xE15;&#xE34;&#xE28;&#xE32;&#xE2A;&#xE15;&#xE23;&#xE4C; </subfield>
    <subfield code="9">15856</subfield>
  </datafield>
  <datafield tag="651" ind1=" " ind2="4">
    <subfield code="a">&#xE1E;&#xE30;&#xE40;&#xE22;&#xE32;</subfield>
    <subfield code="x">&#xE1B;&#xE23;&#xE30;&#xE27;&#xE31;&#xE15;&#xE34;&#xE28;&#xE32;&#xE2A;&#xE15;&#xE23;&#xE4C;</subfield>
    <subfield code="9">34384</subfield>
  </datafield>
  <datafield tag="942" ind1=" " ind2=" ">
    <subfield code="c">GB</subfield>
    <subfield code="2">lcc</subfield>
  </datafield>
  <datafield tag="996" ind1=" " ind2=" ">
    <subfield code="a">saiphon.d</subfield>
    <subfield code="b">CATSTF	</subfield>
    <subfield code="c">2024-04-04</subfield>
  </datafield>
  <datafield tag="999" ind1=" " ind2=" ">
    <subfield code="c">104861</subfield>
    <subfield code="d">104861</subfield>
  </datafield>
  <datafield tag="998" ind1=" " ind2=" ">
    <subfield code="j">111</subfield>
    <subfield code="k"> &#xE19;&#xE32;&#xE07;&#xE2A;&#xE32;&#xE27;&#xE1E;&#xE08;&#xE1E;&#xE34;&#xE13;  &#xE1E;&#xE23;&#xE21;&#xE40;&#xE2D;&#xE35;&#xE48;&#xE22;&#xE21;</subfield>
  </datafield>
  <datafield tag="952" ind1=" " ind2=" ">
    <subfield code="0">0</subfield>
    <subfield code="1">0</subfield>
    <subfield code="2">lcc</subfield>
    <subfield code="4">0</subfield>
    <subfield code="7">0</subfield>
    <subfield code="8">CGBL</subfield>
    <subfield code="a">NALT</subfield>
    <subfield code="b">NALT</subfield>
    <subfield code="c">GEN</subfield>
    <subfield code="d">2024-03-14</subfield>
    <subfield code="e">193</subfield>
    <subfield code="l">3</subfield>
    <subfield code="m">2</subfield>
    <subfield code="o">DS 582 &#xE0A;393&#xE01; 2564</subfield>
    <subfield code="p">3961222753</subfield>
    <subfield code="r">2025-05-20 00:00:00</subfield>
    <subfield code="s">2025-05-16</subfield>
    <subfield code="w">2024-03-14</subfield>
    <subfield code="y">GB</subfield>
  </datafield>
</record>
